A recursive introduction to the theory of computation

Αποθηκεύτηκε σε:
Λεπτομέρειες βιβλιογραφικής εγγραφής
Κύριος συγγραφέας: Smith, Carl H. 1950-
Μορφή: Βιβλίο
Γλώσσα:English
Δημοσίευση: New York : Springer, c1994
Σειρά:Graduate texts in computer science
Θέματα:
Ετικέτες: Προσθήκη ετικέτας
Δεν υπάρχουν, Καταχωρήστε ετικέτα πρώτοι!

MARC

LEADER 00000nam a2200000 i 4500
001 1/15725
008 010122s1994 eng d
020 |a 0-387-94332-3 (New York) 
035 |l 10065516 
040 |a GR-MY-UA  |b gre  |e aacr 
041 0 |a eng 
082 0 |a 511.35 
100 1 |a Smith, Carl H.  |d 1950- 
245 1 2 |a A recursive introduction to the theory of computation /  |c Carl H. Smith 
260 |a New York :   |b Springer,   |c c1994 
300 |a viii, 148 p.;  |c 25 cm. 
490 1 |a Graduate texts in computer science 
504 |a Includes bibliographical references and index. 
650 0 0 |a Computer programming. 
650 0 0 |a Recursive functions  |x Data processing. 
830 0 |a Graduate texts in computer science 
852 |a INST  |b SYROS  |e 20010122  |h 511.35 SMI  |p 005500001559  |q 005500001559  |t BK  |y 0 
901 |a BIBL5-2001-1 
909 |a Ε  |b 084330 
922 |a 5ΕΛΗ  |b 200012  |c ΓΡΑΦΙΚΩΝ ΤΕΧΝΩΝ  |d ΜΙΧΑΛΟΠΟΥΛΟΣ 
950 |a 183-2000-12-08 
970 |a ΚΟΝΤΟΥ  |b ΠΑΡΑΣΚΕΥΗ  |z 2001/02/08